|
|
|
|
| LEADER |
00000nam2a2200000 4500 |
| 001 |
92318 |
| 005 |
20231031104625.0 |
| 035 |
|
|
|a (RuTPU)RU\TPU\book\98921
|
| 035 |
|
|
|a RU\TPU\book\83184
|
| 090 |
|
|
|a 92318
|
| 100 |
|
|
|a 20060311d1973 km y0rusy50 ca
|
| 101 |
0 |
|
|a rus
|
| 102 |
|
|
|a RU
|
| 105 |
|
|
|a y ad 001zy
|
| 200 |
0 |
|
|a Т. 19: Алтайский край и Кемеровская область. Период VIII. 1956-1960. Кн. 2 (1958-1960). Вып. II: Рукописные работы
|f под ред. В. А. Хахлова
|
| 210 |
|
|
|a Томск
|c Изд-во Томского ун-та
|d 1973
|
| 215 |
|
|
|a 450 с.
|c ил.
|
| 320 |
|
|
|a Библиогр.: с. 411-449.
|
| 371 |
0 |
|
|a For_staff_use
|
| 461 |
|
1 |
|0 (RuTPU)RU\TPU\book\58444
|t Геологическая изученность СССР
|o [обзорные главы, рефераты, аннотации и библиографические справки]
|f Академия Наук СССР, Комиссия по геологической изученности СССР ; гл. ред. Д. В. Наливкин
|v Т. 19: Алтайский край и Кемеровская область. Период VIII. 1956-1960. Кн. 2 (1958-1960). Вып. II: Рукописные работы
|d 1961-1988
|
| 610 |
1 |
|
|a геологическая изученность
|
| 610 |
1 |
|
|a районирование
|
| 610 |
1 |
|
|a геологические исследования
|
| 610 |
1 |
|
|a СССР
|
| 610 |
1 |
|
|a Алтайский край
|
| 610 |
1 |
|
|a Кемеровская область
|
| 610 |
1 |
|
|a рукописные работы
|
| 610 |
1 |
|
|a рефераты
|
| 610 |
1 |
|
|a библиографические пособия
|
| 675 |
|
|
|a 55(571.15)
|v 3
|
| 675 |
|
|
|a 55(с18)
|v 3
|
| 675 |
|
|
|a 55(571.17)
|v 3
|
| 702 |
|
1 |
|a Хахлов
|b В. А.
|4 340
|
| 801 |
|
1 |
|a RU
|b 63413507
|c 20050524
|g PSBO
|
| 801 |
|
2 |
|a RU
|b 63413507
|c 20100330
|g PSBO
|
| 942 |
|
|
|c BK
|